| 000 | 01241cam a2200253 4500 | ||
|---|---|---|---|
| 008 | 000000n2004 000 0 eng u | ||
| 020 | _a1904829112 | ||
| 035 | _a(Sirsi) u127865 | ||
| 110 |
_aBuilding Maintenance Information _93229 |
||
| 245 | _aOccupancy costs of domestic properties | ||
| 260 |
_aLondon _bBMI _c2004 |
||
| 300 | _a67p. ; 30cm. | ||
| 490 |
_aBMI Special Report _v335 |
||
| 520 | _aProvides current occupancy benchmarks for two types of domestic buildings, a house and a block of flats. Shows the projected annual occupancy costs for two schemes which should provide a strategic benchmark for similar buildings. The data is backed up with projected annual expenditure charts and detailed estimates for individual elements and components. This item is part of a subscription service and cannot be photocopied. Neither can any part of it be read over the phone. Please contact BMI direct on +44 (0)20 695 1500 for details. | ||
| 650 | _aOCCUPANCY COSTS | ||
| 650 | _aOCCUPANCY COST PLANS | ||
| 650 |
_aRESIDENTIAL PROPERTY _96266 |
||
| 650 | _aDOMESTIC PROPERTY | ||
| 650 | _aBENCHMARKING | ||
| 650 | _aFLATS | ||
| 650 | _aHOUSES | ||
| 690 | _aBUILDING AND CONSTRUCTION-REPAIRS AND MAINTENANCE | ||
| 942 | _n0 | ||
| 999 |
_c103832 _d103832 |
||